000 00379 a2200169 4500
001 71374
020 _a8526236059
040 _cAnchieta - Colégio São Paulo
100 _aNogueira, Neide
240 1 0 _a"E eu com isso?!"
_lpor
245 1 0 _a"E eu com isso?!"
300 _a31
362 0 _a2001
440 1 _aScipione
650 4 _aLiteratura infanto-juvenil
942 _cBK
999 _c71374
_d71374